Use of libraries: a guide to better use of libraries and their resources (Record no. 22620)

MARC details
000 -LEADER
fixed length control field 00561nam a2200205Ia 4500
082 ## - DEWEY DECIMAL CLASSIFICATION NUMBER
Classification number 025.5 SHA-;
100 ## - MAIN ENTRY--AUTHOR NAME
Personal name Sharma, C.D.
245 #0 - TITLE STATEMENT
Title Use of libraries: a guide to better use of libraries and their resources
260 ## - PUBLICATION, DISTRIBUTION, ETC. (IMPRINT)
Place of publication New Delhi
Name of publisher Metropolitan
Year of publication 1978
300 ## - PHYSICAL DESCRIPTION
Number of Pages xiii, 345p.
504 ## - BIBLIOGRAPHY, ETC. NOTE
Bibliography, etc Includes index
650 ## - SUBJECT ADDED ENTRY--TOPICAL TERM
Topical Term Library resources
650 ## - SUBJECT ADDED ENTRY--TOPICAL TERM
Topical Term Library materials
650 ## - SUBJECT ADDED ENTRY--TOPICAL TERM
Topical Term Library education
650 ## - SUBJECT ADDED ENTRY--TOPICAL TERM
Topical Term Library users
650 ## - SUBJECT ADDED ENTRY--TOPICAL TERM
Topical Term Library science
650 ## - SUBJECT ADDED ENTRY--TOPICAL TERM
Topical Term Library and society
650 ## - SUBJECT ADDED ENTRY--TOPICAL TERM
Topical Term Library use studies
942 ## - ADDED ENTRY ELEMENTS (KOHA)
Koha item type Books
Holdings
Withdrawn status Lost status Damaged status Not for loan Home library Current library Date acquired Full call number Accession Number Price effective from Koha item type
        NASSDOC Library NASSDOC Library 08/06/2004 025.5 SHA-; 11441 18/04/2019 Books